• 首页
  • 本馆介绍
  • 公告通知
  • 最新文献
  • 馆藏检索
  • 电子资源
  • 读者导购
  • 参考咨询
  • 我的图书馆
  • 登录
  • 详细信息显示
  • 放入我的书架
  • 预约/预借图书
  • 作者相关作品
  • 分类相关作品
  • 丛书相关作品
  • 出版社相关作品

书目信息

  • 表格格式
  • 工作单格式
  • 卡片格式
题名:
智慧教育之路
    
 
作者: 王和平 , 韩四清 , 杨雅清 主编
分册: 上  
出版信息: 石家庄   河北人民出版社  2021.04
页数: 366页
开本: 24cm
丛书名:
单 册:
中图分类: G40-092.76 , G424.21
科图分类:
主题词: 课堂教学--教学研究
电子资源:
ISBN: 978-7-202-13640-9
000 01113nam0 2200289 45
001 012001003206
005 20221208093245.84
010    @a978-7-202-13640-9@dCNY60.00
100    @a20220905d2019 em y0chiy50 ea
101 0  @achi
102    @aCN@b130000
105    @aak z 010yy
106    @ar
200 1  @a智慧教育之路@Azhi hui jiao yu zhi lu@e钱学森大成智慧教育探究与实验@h上@f王和平,韩四清,杨雅清主编
210    @a石家庄@c河北人民出版社@d2021.04
215    @a366页@c照片@d24cm
300    @a1911年-2019年 纪念两弹一星元勋钱学森诞辰108周年
330    @a本书研究和阐述钱学森大成智慧教育思想和育人模式的创新力作,探讨了钱学森大成智慧教育思想理论和智慧教育实验十大体系:思想体系、目标体系、学制体系、德育体系、课程体系、教学体系、资源体系、科研体系、评价体系等。
600  0 @a钱学森@f(1911-2009)@x教育思想@x研究
606 0  @a课堂教学@x教学研究
690    @aG40-092.76@v5
690    @aG424.21@v5
701  0 @a王和平@Awang he ping@4主编
701  0 @a韩四清@Ahan si qing@4主编
701  0 @a杨雅清@Ayang ya qing@4主编
801  0 @aCN@bAHXH@c20221111
905    @b1377405-9@dG40-092.76@e1375:1@f5
    
    智慧教育之路:钱学森大成智慧教育探究与实验.上/王和平,韩四清,杨雅清主编.-石家庄:河北人民出版社,2021.04
    366页:照片;24cm
    1911年-2019年 纪念两弹一星元勋钱学森诞辰108周年
    
    ISBN 978-7-202-13640-9:CNY60.00
    本书研究和阐述钱学森大成智慧教育思想和育人模式的创新力作,探讨了钱学森大成智慧教育思想理论和智慧教育实验十大体系:思想体系、目标体系、学制体系、德育体系、课程体系、教学体系、资源体系、科研体系、评价体系等。
●
相关链接 在E读中查询图书 在五车中查询图书 在当当中查询图书 在豆瓣中查询图书


正题名:智慧教育之路     索取号:G40-092.76/1375:1         预约/预借

序号 登录号 条形码 馆藏地/架位号 状态 备注
1 1377405   213774058   第一样本阅览室/ [索取号:G40-092.76/1375:1] 在馆    
2 1377406   213774067   教育系资料室/ [索取号:G40-092.76/1375:1] 在馆    
3 1377407   213774076   教育系资料室/ [索取号:G40-092.76/1375:1] 在馆    
4 1377408   213774085   第四借阅区/ [索取号:G40-092.76/1375:1] 在馆    
5 1377409   213774094   第四借阅区/ [索取号:G40-092.76/1375:1] 在馆    
唐山师范学院图书馆 欢迎您!
大连网信软件有限公司© 版权所有